[Event "Beograd"]
[Site "Beograd"]
[Date "2014.03.08"]
[Round "6"]
[White "Stojanovic, Andjelija"]
[Black "Eric, Jovana"]
[Result "1-0"]
[WhiteElo "2295"]
[BlackElo "2209"]
[PlyCount "91"]
[EventDate "2014.??.??"]
[Source "Perpetual Check"]

1. c4 e5 2. g3 Nf6 3. Bg2 d5 4. cxd5 Nxd5 5. Nf3 Nc6 6. O-O Nb6 7. b3 g6 8. Nc3
Bg7 9. Ba3 a5 10. Qc1 Nb4 11. d4 exd4 12. Nb5 c6 13. Nbxd4 O-O 14. Bb2 Bg4 15.
a3 Na6 16. h3 Bd7 17. Nc2 Qc8 18. Bxg7 Kxg7 19. Qd2 Nd5 20. e4 Ndc7 21. Qxa5
Re8 22. Qc3+ Kg8 23. Qe3 f6 24. Kh2 Bf5 25. Nh4 Be6 26. Qc3 Nb5 27. Qxf6 Bxb3
28. Ne3 Qe6 29. Qb2 Nc5 30. Ng4 Kf7 31. Nh6+ Ke7 32. Qg7+ Kd8 33. Qxh7 Rxa3 34.
Rxa3 Nxa3 35. Nxg6 Nc2 36. Nf4 Qe7 37. Rd1+ Kc8 38. Qf5+ Kb8 39. Ng6 Qe6 40.
Qxc5 Qxg6 41. Nf5 Qe6 42. Ng7 Qe7 43. Qc3 Rf8 44. Qxb3 Rxf2 45. Ne6 Qh7 46. Qb6
1-0

[Event "Beograd"]
[Site "Beograd"]
[Date "2014.03.08"]
[Round "6"]
[White "Zarkovic, Mila"]
[Black "Szczepkowska-Horowska, Karina"]
[Result "0-1"]
[WhiteElo "2107"]
[BlackElo "2396"]
[PlyCount "58"]
[EventDate "2014.??.??"]
[Source "Perpetual Check"]

1. e4 g6 2. d4 Bg7 3. Nc3 d6 4. Be3 a6 5. Qd2 b5 6. a3 Bb7 7. f3 Nd7 8. h4 h5
9. Nh3 c5 10. Ng5 cxd4 11. Bxd4 Ngf6 12. a4 b4 13. Bc4 O-O 14. Ne2 Qa5 15. O-O
Rac8 16. Bb3 Nc5 17. Kh1 Nxb3 18. cxb3 e5 19. Bf2 d5 20. exd5 Nxd5 21. Rac1 Bh6
22. Bg3 Rcd8 23. Qe1 Ne3 24. Rg1 Rd3 25. Qf2 Rxb3 26. f4 Ng4 27. Qe1 exf4 28.
Nxf4 Re3 29. Ne2 Bxg5 0-1

[Event "Beograd"]
[Site "Beograd"]
[Date "2014.03.08"]
[Round "6"]
[White "Rakic, Marija"]
[Black "Vega Gutierrez, Sabrina"]
[Result "0-1"]
[WhiteElo "2304"]
[BlackElo "2379"]
[PlyCount "100"]
[EventDate "2014.??.??"]
[Source "Perpetual Check"]

1. d4 Nf6 2. c4 g6 3. Nc3 Bg7 4. e4 d6 5. h3 O-O 6. Be3 e5 7. d5 a5 8. c5 Ne8
9. Bd3 f5 10. f3 Bh6 11. Bf2 dxc5 12. Bxc5 Nd6 13. Nge2 Na6 14. Bf2 Nb4 15. O-O
Nxd3 16. Qxd3 b6 17. a4 Ba6 18. Nb5 Qd7 19. Nec3 Rf7 20. Rab1 Bf8 21. Bg3 f4
22. Bf2 h5 23. Rfc1 Rg7 24. Rc2 g5 25. Qe2 Kh8 26. Rbc1 Be7 27. Qd1 g4 28. fxg4
hxg4 29. hxg4 Rag8 30. Kf1 Rh7 31. Qf3 Nxb5 32. Nxb5 Bxb5+ 33. axb5 Qxb5+ 34.
Kg1 Bd6 35. g3 Qd7 36. Kg2 Qxg4 37. Qxg4 Rxg4 38. Kf3 Rhg7 39. Rc6 fxg3 40.
Bxb6 g2 41. Rg1 Rf4+ 42. Ke2 Rxe4+ 43. Kf3 Rf4+ 44. Ke2 Rb4 45. Bxa5 Rxb2+ 46.
Kf3 Rf7+ 47. Kg3 Rg7+ 48. Kf3 Rb3+ 49. Ke2 Rb5 50. Bc3 Rxd5 0-1

[Event "Beograd"]
[Site "Beograd"]
[Date "2014.03.09"]
[Round "7"]
[White "Vega Gutierrez, Sabrina"]
[Black "Velikic, Adela"]
[Result "1-0"]
[WhiteElo "2379"]
[BlackElo "2078"]
[PlyCount "126"]
[EventDate "2014.??.??"]
[Source "Perpetual Check"]

1. e4 c5 2. Nf3 d6 3. d4 cxd4 4. Qxd4 Nc6 5. Bb5 Bd7 6. Bxc6 Bxc6 7. Nc3 Nf6 8.
Bg5 e6 9. O-O-O Be7 10. Qd3 O-O 11. Nd4 Qa5 12. f4 Rac8 13. h4 Rfe8 14. f5 Ng4
15. Bxe7 Rxe7 16. Qg3 Nf6 17. Qxd6 Rd7 18. Nxc6 bxc6 19. Qf4 e5 20. Qe3 Rb7 21.
Rd3 Qb6 22. Qxb6 axb6 23. Rhd1 Kf8 24. Rd8+ Rxd8 25. Rxd8+ Ke7 26. Rd3 b5 27.
b4 Rd7 28. Rxd7+ Kxd7 29. Kd2 Kd6 30. a3 Ne8 31. g4 Nf6 32. g5 Ne8 33. a4 Nc7
34. axb5 cxb5 35. Kd3 Kc6 36. Nb1 Na6 37. c3 Kb6 38. Nd2 Nb8 39. h5 g6 40. hxg6
hxg6 41. Nf3 Nd7 42. Nh4 Nf8 43. c4 Kc6 44. fxg6 fxg6 45. cxb5+ Kxb5 46. Kc3
Kc6 47. Kc4 Kd6 48. Kb5 Ne6 49. Nf3 Nc7+ 50. Kb6 Ne6 51. b5 Nc5 52. Nd2 Nd7+
53. Ka6 Kc5 54. Nf3 Kc4 55. b6 Kd3 56. Nxe5+ Nxe5 57. b7 Nd7 58. e5 Ke4 59. e6
Nc5+ 60. Kb6 Nxe6 61. b8=Q Nxg5 62. Qd6 Kf5 63. Kc6 Ne6 1-0

[Event "Beograd"]
[Site "Beograd"]
[Date "2014.03.09"]
[Round "7"]
[White "Szczepkowska-Horowska, Karina"]
[Black "Rakic, Marija"]
[Result "1-0"]
[WhiteElo "2396"]
[BlackElo "2304"]
[PlyCount "57"]
[EventDate "2014.??.??"]
[Source "Perpetual Check"]

1. e4 c5 2. Nc3 Nc6 3. Bb5 Nd4 4. Nf3 Nxb5 5. Nxb5 d6 6. d4 Qa5+ 7. Nc3 Bg4 8.
dxc5 Qxc5 9. h3 Bxf3 10. Qxf3 Nf6 11. O-O Nd7 12. Be3 Qc6 13. Bd4 Nc5 14. Bxc5
dxc5 15. Rad1 e6 16. Qg3 f6 17. f4 c4 18. Kh1 Kf7 19. f5 Be7 20. Qh4 exf5 21.
exf5 Bd6 22. Nd5 h5 23. Rfe1 Rad8 24. Re6 Rh6 25. Ne3 c3 26. bxc3 Qc5 27. Qc4
Rc8 28. Qb3 Bf4 29. Rc6+ 1-0

[Event "Beograd"]
[Site "Beograd"]
[Date "2014.03.09"]
[Round "7"]
[White "Eric, Jovana"]
[Black "Zarkovic, Mila"]
[Result "1-0"]
[WhiteElo "2209"]
[BlackElo "2107"]
[PlyCount "67"]
[EventDate "2014.??.??"]
[Source "Perpetual Check"]

1. e4 c5 2. b3 e6 3. Nf3 Nc6 4. Bb2 Nf6 5. e5 Nd5 6. c4 Nf4 7. g3 Ng6 8. Bg2 b6
9. O-O Bb7 10. Na3 a6 11. Nc2 Qc7 12. Qe2 Rc8 13. Rfe1 Be7 14. h4 h5 15. d3 Bf8
16. Ng5 Nce7 17. Bxb7 Qxb7 18. d4 cxd4 19. Nxd4 Ng8 20. Rad1 Bb4 21. Ne4 Nh6
22. Nc2 Be7 23. Qxh5 Nf5 24. Qf3 Qc6 25. h5 Nf8 26. Nd4 Nxd4 27. Bxd4 Nh7 28.
Qg4 Kf8 29. Re3 Rg8 30. Rf3 f5 31. exf6 gxf6 32. Qf4 Rg5 33. Bxf6 Nxf6 34. Nxg5
1-0

[Event "Beograd"]
[Site "Beograd"]
[Date "2014.03.09"]
[Round "7"]
[White "Chelushkina, Irina"]
[Black "Stojanovic, Andjelija"]
[Result "1-0"]
[WhiteElo "2261"]
[BlackElo "2295"]
[PlyCount "57"]
[EventDate "2014.??.??"]
[Source "Perpetual Check"]

1. g3 d5 2. Bg2 e5 3. d3 c6 4. Nf3 Bd6 5. e4 Ne7 6. Nc3 d4 7. Ne2 c5 8. O-O
Nbc6 9. Ne1 O-O 10. f4 exf4 11. gxf4 f5 12. e5 Bc7 13. c4 Kh8 14. Nf3 Ng6 15.
Bd2 Nh4 16. Nxh4 Qxh4 17. Rf3 Qe7 18. Rg3 Be6 19. Kh1 Rg8 20. Qe1 Rae8 21. Rg5
Qf7 22. Bxc6 bxc6 23. Ba5 h6 24. Rg2 g5 25. Bxc7 Qxc7 26. fxg5 Bf7 27. Qh4 h5
28. g6 Bxg6 29. Nf4 1-0

[Event "Beograd"]
[Site "Beograd"]
[Date "2014.03.09"]
[Round "7"]
[White "Petrenko, Svetlana"]
[Black "Vega Gutierrez, Belinda"]
[Result "1/2-1/2"]
[WhiteElo "2216"]
[BlackElo "2203"]
[PlyCount "70"]
[EventDate "2014.??.??"]
[Source "Perpetual Check"]

1. Nf3 d5 2. g3 Nf6 3. Bg2 c6 4. O-O Bf5 5. b3 Nbd7 6. Bb2 Qc7 7. d4 e6 8. Nbd2
Ne4 9. c4 Be7 10. Rc1 O-O 11. a3 Qb8 12. Ne1 Nxd2 13. Qxd2 b5 14. cxd5 cxd5 15.
Nd3 Bxd3 16. Qxd3 Nf6 17. Rc6 Qb7 18. Rfc1 Rfc8 19. Qc2 Rxc6 20. Qxc6 Qxc6 21.
Rxc6 a6 22. f3 Kf8 23. e4 Ke8 24. e5 Nd7 25. Bf1 Nb8 26. Rc8+ Bd8 27. a4 Kd7
28. Rc2 bxa4 29. bxa4 Nc6 30. f4 Bb6 31. Rd2 Ba5 32. Rf2 Bb6 33. Rd2 Ba5 34.
Rf2 Bb6 35. Rd2 Ba5 1/2-1/2

[Event "Beograd"]
[Site "Beograd"]
[Date "2014.03.10"]
[Round "8"]
[White "Velikic, Adela"]
[Black "Vega Gutierrez, Belinda"]
[Result "1/2-1/2"]
[WhiteElo "2078"]
[BlackElo "2203"]
[PlyCount "73"]
[EventDate "2014.??.??"]
[Source "Perpetual Check"]

1. e4 e5 2. Nf3 Nc6 3. Bc4 Nf6 4. Ng5 d5 5. exd5 Na5 6. Bb5+ c6 7. dxc6 bxc6 8.
Bd3 Nd5 9. Nf3 Bd6 10. Nc3 Nf4 11. Bf1 e4 12. Ng1 Qe7 13. Nge2 Bg4 14. d3 exd3
15. cxd3 Bxe2 16. Bxe2 O-O 17. Bxf4 Bxf4 18. Qa4 Qg5 19. O-O Rab8 20. g3 Bd2
21. Ne4 Qh6 22. Rab1 f5 23. Nc3 Nb7 24. Qxa7 f4 25. Ne4 fxg3 26. hxg3 Nd6 27.
Nxd6 Qxd6 28. Qa4 Rb4 29. Qc2 Be3 30. Kg2 Qd5+ 31. f3 c5 32. a3 Rb6 33. Qc4
Qxc4 34. dxc4 Rfb8 35. f4 Rxb2 36. Rxb2 Rxb2 37. Kf3 1/2-1/2

[Event "Beograd"]
[Site "Beograd"]
[Date "2014.03.10"]
[Round "8"]
[White "Stojanovic, Andjelija"]
[Black "Petrenko, Svetlana"]
[Result "1-0"]
[WhiteElo "2295"]
[BlackElo "2216"]
[PlyCount "85"]
[EventDate "2014.??.??"]
[Source "Perpetual Check"]

1. d4 Nf6 2. Bg5 g6 3. Bxf6 exf6 4. e3 f5 5. g3 Bg7 6. Bg2 d5 7. Ne2 c6 8. O-O
Nd7 9. b3 O-O 10. c4 Nf6 11. Nbc3 Ne4 12. cxd5 cxd5 13. Qd3 a6 14. Rfc1 Be6 15.
Na4 Bd7 16. Nc5 Bb5 17. Qd1 Qe7 18. Nf4 Rfd8 19. a4 Be8 20. Ra2 g5 21. Ne2 Rac8
22. Rac2 Rc6 23. Nc3 Rg6 24. Qf3 Rf6 25. Na2 a5 26. Qe2 Bc6 27. b4 Nxc5 28.
Rxc5 Bxa4 29. bxa5 Bb3 30. Nb4 Rfd6 31. Qd3 Bc4 32. Qxf5 Qf6 33. Qxf6 Bxf6 34.
Bf1 Bxf1 35. Kxf1 Be7 36. Rb5 R6d7 37. Nd3 f6 38. Rcb1 Ra8 39. Rxb7 Rxb7 40.
Rxb7 Kf7 41. Nb4 Ke6 42. Nxd5 Kxd5 43. Rxe7 1-0

[Event "Beograd"]
[Site "Beograd"]
[Date "2014.03.10"]
[Round "8"]
[White "Zarkovic, Mila"]
[Black "Chelushkina, Irina"]
[Result "1/2-1/2"]
[WhiteElo "2107"]
[BlackElo "2261"]
[PlyCount "68"]
[EventDate "2014.??.??"]
[Source "Perpetual Check"]

1. e4 d6 2. d4 c6 3. Nc3 e5 4. Nf3 Nd7 5. Bc4 Be7 6. a4 Ngf6 7. O-O O-O 8. Re1
h6 9. h3 b6 10. b3 a6 11. d5 Bb7 12. Ba3 Nc5 13. b4 Nxa4 14. Nxa4 b5 15. dxc6
Bxc6 16. Bd5 Bxd5 17. exd5 bxa4 18. c4 a5 19. b5 Nd7 20. Qxa4 Qb6 21. Rac1 Rfc8
22. Rc2 f5 23. Nxe5 Nxe5 24. Rxe5 dxe5 25. Bxe7 Qd4 26. Qa2 Kh7 27. c5 Rab8 28.
Qc4 Rxb5 29. Qxb5 Qd1+ 30. Kh2 Qxc2 31. Qd7 Qxf2 32. Qxc8 Qf4+ 33. Kh1 Qf1+ 34.
Kh2 Qf4+ 1/2-1/2

[Event "Beograd"]
[Site "Beograd"]
[Date "2014.03.10"]
[Round "8"]
[White "Rakic, Marija"]
[Black "Eric, Jovana"]
[Result "1-0"]
[WhiteElo "2304"]
[BlackElo "2209"]
[PlyCount "79"]
[EventDate "2014.??.??"]
[Source "Perpetual Check"]

1. d4 Nf6 2. c4 g6 3. Nc3 d5 4. cxd5 Nxd5 5. e4 Nxc3 6. bxc3 Bg7 7. Be3 O-O 8.
Qd2 c5 9. Nf3 Qa5 10. Rb1 b6 11. Rc1 Ba6 12. Bxa6 Qxa6 13. Qe2 Qb7 14. Qd3 Na6
15. O-O Rad8 16. Qb1 Qc8 17. Qb5 e6 18. Qa4 Kh8 19. Rfd1 f5 20. exf5 gxf5 21.
Bf4 Qb7 22. Re1 Nc7 23. dxc5 bxc5 24. Rb1 Qc8 25. Qxa7 Rd7 26. Ne5 Re7 27. Bg5
Ree8 28. Rb7 Bxe5 29. Rxe5 Qd7 30. Re1 Rf7 31. Qxc5 e5 32. h4 e4 33. Bf4 Rc8
34. Re3 h5 35. Rg3 Qe7 36. Qc6 Rd8 37. Rg5 Rd7 38. Rxc7 Rxc7 39. Qh6+ Rh7 40.
Be5+ 1-0

[Event "Beograd"]
[Site "Beograd"]
[Date "2014.03.10"]
[Round "8"]
[White "Vega Gutierrez, Sabrina"]
[Black "Szczepkowska-Horowska, Karina"]
[Result "1/2-1/2"]
[WhiteElo "2379"]
[BlackElo "2396"]
[PlyCount "20"]
[EventDate "2014.??.??"]
[Source "Perpetual Check"]

1. e4 e5 2. Nf3 Nf6 3. Nxe5 d6 4. Nf3 Nxe4 5. Qe2 Qe7 6. d3 Nf6 7. Nc3 Qxe2+ 8.
Bxe2 Be7 9. Nd4 Na6 10. Bf3 Kd8 1/2-1/2

[Event "Beograd"]
[Site "Beograd"]
[Date "2014.03.11"]
[Round "9"]
[White "Szczepkowska-Horowska, Karina"]
[Black "Velikic, Adela"]
[Result "1-0"]
[WhiteElo "2396"]
[BlackElo "2078"]
[PlyCount "109"]
[EventDate "2014.??.??"]
[Source "Perpetual Check"]

1. e4 c5 2. Nc3 Nc6 3. Bb5 g6 4. Bxc6 bxc6 5. d3 Bg7 6. f4 d6 7. Nf3 Nf6 8. O-O
O-O 9. Qe1 Rb8 10. b3 Bg4 11. Rb1 Ne8 12. Ne2 Nc7 13. f5 e6 14. fxg6 fxg6 15.
Bg5 Qd7 16. Qh4 e5 17. Rf2 Bxf3 18. gxf3 Ne6 19. Rbf1 Rf7 20. Kh1 Rbf8 21. Qg3
Nxg5 22. Qxg5 Qh3 23. Qg2 Qxg2+ 24. Kxg2 Bh6 25. Rb1 Be3 26. Rff1 Kg7 27. b4
cxb4 28. Rxb4 Bc5 29. Rb3 Bb6 30. a4 h6 31. Rc3 Bc5 32. a5 Rb7 33. a6 Rb2 34.
f4 exf4 35. d4 Bb6 36. Nxf4 Re8 37. d5 cxd5 38. exd5 g5 39. Ne6+ Kg6 40. h4 Re7
41. Rf8 gxh4 42. Kh3 Rf7 43. Rg8+ Kh7 44. Rg2 Rb4 45. Rc8 Rb5 46. Nf8+ Rxf8 47.
Rxf8 Rxd5 48. Rf7+ Kh8 49. Re2 Kg8 50. Rb7 Kf8 51. Ree7 Ra5 52. Rf7+ Kg8 53.
Rfd7 Ra3+ 54. Kxh4 Bf2+ 55. Kg4 1-0

[Event "Beograd"]
[Site "Beograd"]
[Date "2014.03.11"]
[Round "9"]
[White "Eric, Jovana"]
[Black "Vega Gutierrez, Sabrina"]
[Result "1/2-1/2"]
[WhiteElo "2209"]
[BlackElo "2379"]
[PlyCount "108"]
[EventDate "2014.??.??"]
[Source "Perpetual Check"]

1. e4 e5 2. Nc3 Nf6 3. g3 Nc6 4. Bg2 Bc5 5. d3 a6 6. h3 d6 7. Nge2 Be6 8. Nd5
Nd4 9. Nxd4 Bxd4 10. c3 Ba7 11. O-O c6 12. Nxf6+ Qxf6 13. Kh2 O-O 14. f4 exf4
15. Bxf4 Qe7 16. d4 d5 17. Qd3 dxe4 18. Bxe4 f5 19. Bg2 Qf7 20. b3 Bd5 21. Bxd5
Qxd5 22. Rae1 Rae8 23. Be5 Qd7 24. Qc4+ Rf7 25. Bd6 b5 26. Rxe8+ Qxe8 27. Qd3
Qe6 28. Be5 g6 29. Qd2 c5 30. Qg2 cxd4 31. cxd4 Qd7 32. Rc1 Qb7 33. Rc6 Rd7 34.
d5 Re7 35. Qc2 Bb6 36. Bd6 Re8 37. b4 Bd4 38. Qd3 Re4 39. Kg2 Qa8 40. Qc2 Re8
41. Bc7 Kf7 42. Kf1 Re4 43. Bf4 Bf6 44. Rc7+ Re7 45. Qc5 g5 46. Be5 Qd8 47. d6
Rxc7 48. Qxc7+ Ke6 49. Bxf6 Qxf6 50. Qc8+ Kd5 51. Qc5+ Ke6 52. Qc8+ Kd5 53.
Qc5+ Ke6 54. Qc8+ Ke5 1/2-1/2

[Event "Beograd"]
[Site "Beograd"]
[Date "2014.03.11"]
[Round "9"]
[White "Chelushkina, Irina"]
[Black "Rakic, Marija"]
[Result "1-0"]
[WhiteElo "2261"]
[BlackElo "2304"]
[PlyCount "79"]
[EventDate "2014.??.??"]
[Source "Perpetual Check"]

1. g3 Nf6 2. Bg2 g6 3. d4 Bg7 4. c3 O-O 5. e4 d6 6. Ne2 e5 7. d5 Ne8 8. c4 Nd7
9. Nbc3 a5 10. O-O f5 11. f4 Nc5 12. fxe5 Bxe5 13. Bh6 Ng7 14. Qd2 fxe4 15.
Rxf8+ Qxf8 16. Rf1 Qe7 17. Bg5 Qe8 18. Nb5 Na6 19. Nec3 e3 20. Bxe3 Nf5 21. Bf2
Bd7 22. g4 Ng7 23. h3 Qe7 24. Nd4 Rf8 25. Ne4 b6 26. Nf3 Bf4 27. Qd4 Nc5 28.
Re1 Qf7 29. Bh4 Be5 30. Nxe5 dxe5 31. Qe3 Nxe4 32. Qxe4 Qf4 33. b3 Qd2 34. Qe2
Qd4+ 35. Bf2 Qf4 36. Rf1 Qg5 37. Bg3 Re8 38. Qf2 Qe7 39. Bxe5 Qxe5 40. Qf7+ 1-0

[Event "Beograd"]
[Site "Beograd"]
[Date "2014.03.11"]
[Round "9"]
[White "Petrenko, Svetlana"]
[Black "Zarkovic, Mila"]
[Result "0-1"]
[WhiteElo "2216"]
[BlackElo "2107"]
[PlyCount "63"]
[EventDate "2014.??.??"]
[Source "Perpetual Check"]

1. e4 c5 2. b3 e6 3. Bb2 Nf6 4. e5 Nd5 5. c4 Nc7 6. g3 Be7 7. Nc3 O-O 8. Ne4
Nc6 9. Bg2 Ne8 10. f4 f5 11. Nf2 d5 12. Ne2 Nc7 13. O-O b5 14. d3 Rb8 15. Nc3
Na5 16. cxb5 Nxb5 17. Na4 c4 18. bxc4 dxc4 19. Rc1 Ba6 20. dxc4 Na3 21. Bd4
Bxc4 22. Bxa7 Bxf1 23. Qxf1 Rc8 24. Rd1 Qe8 25. Qa6 Bb4 26. Nb2 Nb5 27. Nbd3
Nxa7 28. Nxb4 N7c6 29. Nxc6 Nxc6 30. Qb6 Rf7 31. a4 Rd7 32. a5 0-1

[Event "Beograd"]
[Site "Beograd"]
[Date "2014.03.11"]
[Round "9"]
[White "Vega Gutierrez, Belinda"]
[Black "Stojanovic, Andjelija"]
[Result "0-1"]
[WhiteElo "2203"]
[BlackElo "2295"]
[PlyCount "114"]
[EventDate "2014.??.??"]
[Source "Perpetual Check"]

1. d4 d6 2. Nc3 e5 3. dxe5 dxe5 4. Qxd8+ Kxd8 5. Bg5+ f6 6. O-O-O+ Nd7 7. Be3
c6 8. g3 Kc7 9. Bh3 h5 10. f4 Nh6 11. Nf3 Ng4 12. Bxg4 hxg4 13. Nh4 Bb4 14. Ne4
exf4 15. Bxf4+ Kb6 16. a3 Re8 17. Rd4 Bc5 18. Rc4 g5 19. Nxc5 Nxc5 20. Bd6 Ne4
21. Rb4+ Ka5 22. Bc7+ b6 23. Ng2 c5 24. Rb3 Ka6 25. Rd1 Kb7 26. Bd6 Kc6 27. Re3
Bf5 28. Be7 Rxe7 29. Rf1 Bh7 30. Rxf6+ Kc7 31. Rh6 Rae8 32. h4 gxh3 33. Rxh3
Bg8 34. Rh5 Bf7 35. Rh7 Bd5 36. Rxe7+ Rxe7 37. Ne1 Rh7 38. c4 Bc6 39. Nf3 Nxg3
40. Nxg5 Rh1+ 41. Kc2 Nf5 42. Re5 Nd4+ 43. Kd2 Rb1 44. Kc3 Rc1+ 45. Kd3 Ba4 46.
b4 Nc6 47. Re4 cxb4 48. axb4 Bc2+ 49. Kd2 Bxe4 50. Kxc1 Bf5 51. Kb2 Nxb4 52.
Kc3 Nc6 53. Nf3 Kd6 54. Nd2 Be6 55. Ne4+ Ke5 56. Nd2 Na5 57. Kb4 Bxc4 0-1